Postacie ze świata Kubusia Puchatka po zdjęciu - Statystyki

Ogólne statystyki
  • Ten quiz został rozwiązany 10 razy
  • Średni wynik to 8 z 11
Statystyki odpowiedzi
Obrazkowy Odpowiedź % Poprawnych
Kłapouchy
100%
Krzyś
100%
Kubuś Puchatek
100%
Prosiaczek
100%
Sowa Przemądrzała
100%
Tygrysek
100%
Maleństwo
88%
Lumpek
50%
mama Lumpka
50%
Gofer
25%
Łasiczka
13%
Nie znaleziono quizów pasujących do podanych kryteriów
Rozkład punktacji
Procent ludzi z każdym wynikiem
Percentyl według liczby udzielonych odpowiedzi
Twoja historia wyników
Nie rozwiązałeś tego quizu